Ποδοσφαιριστές ανά Χώρα - Statistics

General Stats
  • This quiz has been taken 37 times
  • The average score is 18 of 27
Answer Stats
Παίκτης Χώρα % Correct
Πελέ Βραζιλία
97%
Κίλιαν Εμπαπέ Γαλλία
97%
Λιονέλ Μέσι Αργεντινή
95%
Γκερντ Μύλλερ Γερμανία
95%
Γουέιν Ρούνεϊ Αγγλία
92%
Κριστιάνο Ρονάλντο Πορτογαλία
92%
Γιώργος Καραγκούνης Ελλάδα
89%
Γιόχαν Κρόιφ Ολλανδία
84%
Ζλάταν Ιμπραΐμοβιτς Σουηδία
81%
Λούκα Μόντριτς Κροατία
81%
Ρομπέρτο Μπάτζιο Ιταλία
78%
Νταβίντ Βίγια Ισπανία
70%
Χάμες Ροντρίγκεζ Κολομβία
70%
Έντισον Καβάνι Ουρουγουάη
68%
Γκάρεθ Μπέιλ Ουαλία
68%
Αντρέι Σεβτσένκο Ουκρανία
65%
Σάμουελ Ετό Καμερούν
57%
Ντιντιέρ Ντρογκμπά Ακτή Ελεφαντοστού
49%
Πάβελ Νέντβεντ Τσεχία
49%
Ρόμπι Κιν Ιρλανδία
46%
Σαντιό Μανέ Σενεγάλη
46%
Αρτούρο Βιδάλ Χιλή
46%
Κρίστιαν Πούλισιτς Ηνωμένες Πολιτείες
43%
Κένι Νταλγκλίς Σκωτία
41%
Τζορτζ Μπεστ Βόρεια Ιρλανδία
38%
Μοχάμεντ Σάλα Αίγυπτος
32%
Τζορτζ Γουεά Λιβερία
30%
No matching quizzes found
Score Distribution
Percent of People with Each Score
Percentile by Number Answered
Your Score History
You have not taken this quiz